Statistics for Name the Country Flag

Click here to take the quiz!

General Stats

  • This quiz has been taken 27 times
  • The average score is 13 of 16

Answer Stats

Answer% Correct
Australia
100%
Brazil
100%
South Africa
100%
United Kingdom
100%
United States
100%
Denmark
96%
New Zealand
89%
Thailand
89%
Nepal
81%
Somalia
81%
Fiji
74%
Sri Lanka
74%
Seychelles
59%
Mali
52%
Oman
44%
Rwanda
41%

Score Distribution

Percentile by Number Answered

Percent of People with Each Score

Your Score History

You have not taken this quiz